| 000 | 01592cam a2200349 a 4500 | ||
|---|---|---|---|
| 999 |
_c4112 _d4112 |
||
| 001 | 674160 | ||
| 003 | Nust | ||
| 005 | 20180726063646.0 | ||
| 008 | 951229r19961994cau 000 1 eng | ||
| 010 | _a 95053948 | ||
| 020 |
_a9788172235307 (pbk) _cRs. 436 |
||
| 038 | _aArshad | ||
| 040 |
_aDLC _cDLC _dDLC _dOCoLC _dDLC |
||
| 041 | 1 |
_aeng _hpor |
|
| 043 |
_ae-fr--- _ae-sp--- |
||
| 050 | 0 | 0 |
_aPQ9698.13.O3546 _bN313 1996 |
| 082 | 0 | 0 |
_a869.3 _bCOE |
| 100 | 1 |
_aCoelho, Paulo. _93636 |
|
| 240 | 1 | 0 |
_aNa margem do rio Piedra eu sentei e chorei. _lEnglish |
| 245 | 1 | 0 |
_aBy the River Piedra I sat down and wept / _cPaulo Coelho ; translated by Alan R. Clarke. |
| 250 | _a1st ed. | ||
| 260 |
_a[San Francisco, CA] : _bHarperSanFrancisco, _c1996. |
||
| 300 |
_ax, 210 p. ; _c22 cm. |
||
| 500 | _aOriginally published: Rio de Janeiro : Editora Rocca, c1994. | ||
| 520 | 1 |
_a"The story of a young Spanish woman, Pilar, and her encounter with her lost love, an unnamed spiritual seeker who comes to worship the feminine face of God. Clarke's translation is, as usual, somewhat hurried and condensed as if he's impatient with Coelho's admittedly belabored and self-consciously poetical style"--Handbook of Latin American Studies, v. 58. _uhttp://www.loc.gov/hlas/ |
|
| 651 | 0 |
_aPyrenees _vFiction. _911998 |
|
| 655 | 7 |
_aLove stories. _2gsafd _9418 |
|
| 700 | 1 |
_aClarke, Alan _q(Alan R.) _911999 |
|
| 906 |
_a7 _bcbc _corignew _d1 _eocip _f19 _gy-gencatlg |
||
| 942 |
_2ddc _cBK |
||